Normal view MARC view
  • Adolescentes

Entry Materia

Number of records used in: 12

001 - NÚMERO DE CONTROL DEL REGISTRO

  • campo de control: 22381

003 - IDENTIFICADOR DE NUMERO DE CONTROL

  • campo de control: MX-MxUPN

005 - FECHA Y HORA DE LA ÚLTIMA TRANSACCIÓN

  • campo de control: 20250616115541.0

008 - DATOS DE LONGITUD FIJA

  • campo de control de longitud fija: 240606dn fnnnnaaba n ana |d

035 ## - NÚMERO DE CONTROL DEL SISTEMA

  • Número de control del sistema: UPN10000022390

040 ## - FUENTE DE LA CATALOGACIÓN

  • Centro catalogador de origen: MX-MxUPN
  • Lengua de catalogación: spa

150 ## - ENCABEZAMIENTO - TEMÁTICO

  • Término de materia o nombre geográfico como elemento inicial: Adolescentes
  • Subdivisión geográfica: México
  • Subdivisión de materia general: Condiciones sociales

670 ## - FUENTE EN LA QUE SE LOCALIZARON DATOS

  • Cita de la fuente: LC Authorities, 6 junio 2024 :
  • Información localizada: (Teenagers--Social conditions--India)
  • Identificador Uniforme del Recurso: https://authorities.loc.gov/

902 ## - CATALOGADOR

  • Catalogador: CAA/110913
  • Catalogador: VíctorGodínez/060624